Szczegóły MARC21

System prawa sądownictwa administracyjnego. 2, Zakres podmiotowy i przedmiotowy postępowania sądowoadministracyjnego /

003 -Nazwa inst., której nr kontr. jest w polu 001 [,]
    • @
    • Nazwa instytucji, której n kontrolny jest w polu 001
    • NUKAT
005 -DATA I CZAS OSTATNIEJ MODYFIKACJI [,]
    • @
    • pole kontrolne
    • 20251013122138.0
020 -Międzynarod. znormalizowany nr książki - ISBN [ , ]
    • a
    • Numer ISBN
    • 9788383900599 Find
    • q
    • Dopowiedzenie
    • (oprawa twarda) :
    • c
    • Terms of availability
    • zł 249
040 -Instytucja sporządzająca opis [ , ]
    • a
    • Instytucja, która sporządziła opis (NP)
    • WA N
    • c
    • Instytucja, która sporządziła rekord (NP)
    • WA N
    • d
    • Instytucja, która zmodyfikowała rekord (P)
    • WA N
    • d
    • Instytucja, która zmodyfikowała rekord (P)
    • KR U
    • d
    • Instytucja, która zmodyfikowała rekord (P)
    • SZCZ M
    • d
    • Instytucja, która zmodyfikowała rekord (P)
    • LUBL KUL
    • d
    • Instytucja, która zmodyfikowała rekord (P)
    • LUBL U
    • d
    • Instytucja, która zmodyfikowała rekord (P)
    • WA N
    • d
    • Instytucja, która zmodyfikowała rekord (P)
    • WA U
    • d
    • Instytucja, która zmodyfikowała rekord (P)
    • WA N
    • d
    • Instytucja, która zmodyfikowała rekord (P)
    • Ł M
    • d
    • Instytucja, która zmodyfikowała rekord (P)
    • GD U
942 -Rodzaj dokumentu [ , ]
    • c
    • Rodzaj dokumentu
    • Książka
245 -Strefa tytułu i oznaczenia odpowiedzialności [0,0]
    • a
    • Tytuł
    • System prawa sądownictwa administracyjnego. Find
    • n
    • Oznaczenie części (P)
    • 2,
    • p
    • Nazwa części (P)
    • Zakres podmiotowy i przedmiotowy postępowania sądowoadministracyjnego /
    • c
    • Pozostałe elementy strefy tytułu i oznaczenia odpowiedzialności (NP)
    • redakcja naukowa Grzegorz Łaszczyca, Wojciech Piątek ; autorzy Jan Chmielewski, Zbigniew Czarnik, Dawid Gregorczyk, Andrzej Matan, Marcin Kamiński, Grzegorz Łaszczyca, Wojciech Piątek, Marian Masternak, Przemysław Ostojski, Andrzej Paduch, Andrzej Skoczylas, Piotr Pietrasz, Marta Romańska, Lucyna Staniszewska, Stanisław Trociuk, Marcin Wiącek, Joanna Wegner.
246 -Wariant tytułu [3,0]
    • a
    • Tytuł (NP)
    • Zakres podmiotowy i przedmiotowy postępowania sądowoadministracyjnego
250 -Strefa wydania [ , ]
    • a
    • Oznaczenie wydania (NP)
    • Stan prawny na 1 grudnia 2024 r.
260 -Strefa adresu wydawniczego [ , ]
    • a
    • Miejsce wydania (P)
    • Warszawa :
    • b
    • Nazwa wydawcy (P)
    • Wolters Kluwer,
    • c
    • Data wydania (P)
    • 2025.
300 -Strefa opisu fizycznego [ , ]
    • a
    • Określenie formy książki i/lub objętość (NP)
    • 842 strony ;
    • c
    • Format (NP)
    • 25 cm.
336 -Typ zawartości [ , ]
    • a
    • Termin opisujący typ zawartości
    • Tekst
    • b
    • Kod określający zawartość
    • txt
    • 2
    • Źródło (terminu i kodu)
    • rdacontent
337 -Typ mediów [ , ]
    • a
    • Tryb odtwarzania
    • Bez urządzenia pośredniczącego
    • b
    • Kod typu mediów
    • n
    • 2
    • Źródło (terminu i kodu)
    • rdamedia
338 -Typ/rodzaj nośnika [ , ]
    • a
    • Hasło opisujące typ nośnika
    • Wolumin
    • b
    • Kod typu nośnika
    • nc
    • 2
    • Źródło (terminu i kodu)
    • rdacarrier
380 -Deskryptor - Forma dzieła (P) [ , ]
    • a
    • forma dzieła (NP)
    • Książki
380 -Deskryptor - Forma dzieła (P) [ , ]
    • a
    • forma dzieła (NP)
    • Publikacje naukowe
388 -Deskryptor - czas powstania dzieła (P) [1, ]
    • a
    • Czas powstania dzieła (NP)
    • 2001-
504 -Uwaga dot. bibliogr. załącznikowej [ , ]
    • a
    • Uwaga dot. bibliografii załącznikowej
    • Bibliografie przy jednostkach redakcyjnych. Indeks.
648 -Hasło przedmiotowe - chronologia [ ,7]
    • a
    • Deskryptor chronologiczny
    • 2001-
    • 2
    • Źródło terminu
    • DBN
    • 9
    • KHW
    • 721449
650 -Hasło przedmiotowe [ ,7]
    • a
    • Hasło przedmiotowe
    • Postępowanie sądowoadministracyjne
    • 2
    • Źródło terminu
    • DBN
    • 9
    • KHW
    • 722987
650 -Hasło przedmiotowe [ ,7]
    • a
    • Hasło przedmiotowe
    • Prawo do sądu
    • 2
    • Źródło terminu
    • DBN
    • 9
    • KHW
    • 722952
650 -Hasło przedmiotowe [ ,7]
    • a
    • Hasło przedmiotowe
    • Sądowa kontrola administracji
    • 2
    • Źródło terminu
    • DBN
    • 9
    • KHW
    • 722979
650 -Hasło przedmiotowe [ ,7]
    • a
    • Hasło przedmiotowe
    • Sądownictwo administracyjne
    • 2
    • Źródło terminu
    • DBN
    • 9
    • KHW
    • 722955
650 -Hasło przedmiotowe [ ,7]
    • a
    • Hasło przedmiotowe
    • Strona postępowania
    • 2
    • Źródło terminu
    • DBN
    • 9
    • KHW
    • 722994
651 -Hasło przedmiotowe w formie nazwy geograficznej [ ,7]
    • a
    • Nazwa geograficzna
    • Polska
    • 2
    • Źródło terminu
    • DBN
    • 9
    • KHW
    • 721438
655 -Hasło w funkcji tematu formalnego [ ,7]
    • a
    • Hasło
    • Monografia
    • 2
    • Źródło terminu
    • DBN
    • 9
    • KHW
    • 721273
658 -Ujęcie treści [ , ]
    • a
    • dziedzina nauki i sztuki/ sfera aktywności życiowej
    • Prawo i wymiar sprawiedliwości
700 -Hasło dodatkowe - nazwa osobowa [1, ]
    • a
    • Nazwa osobowa (NP)
    • Łaszczyca, Grzegorz Find
    • d
    • Daty biograficzne (NP)
    • (1970- ).
    • e
    • Określenie rodzaju współpracy
    • Autor
    • e
    • Określenie rodzaju współpracy
    • Redakcja
    • 9
    • KHW
    • 18609
700 -Hasło dodatkowe - nazwa osobowa [1, ]
    • a
    • Nazwa osobowa (NP)
    • Piątek, Wojciech. Find
    • e
    • Określenie rodzaju współpracy
    • Autor
    • e
    • Określenie rodzaju współpracy
    • Redakcja
    • 9
    • KHW
    • 14161
700 -Hasło dodatkowe - nazwa osobowa [1, ]
    • a
    • Nazwa osobowa (NP)
    • Chmielewski, Jan Find
    • c
    • Dopowiedzenie inne niż daty biograficzne (NP)
    • (prawo).
    • e
    • Określenie rodzaju współpracy
    • Autor
    • 9
    • KHW
    • 477169
700 -Hasło dodatkowe - nazwa osobowa [1, ]
    • a
    • Nazwa osobowa (NP)
    • Czarnik, Zbigniew Find
    • d
    • Daty biograficzne (NP)
    • (1963- ).
    • e
    • Określenie rodzaju współpracy
    • Autor
    • 9
    • KHW
    • 13377
700 -Hasło dodatkowe - nazwa osobowa [1, ]
    • a
    • Nazwa osobowa (NP)
    • Gregorczyk, Dawid. Find
    • e
    • Określenie rodzaju współpracy
    • Autor
    • 9
    • KHW
    • 472860
700 -Hasło dodatkowe - nazwa osobowa [1, ]
    • a
    • Nazwa osobowa (NP)
    • Matan, Andrzej Find
    • d
    • Daty biograficzne (NP)
    • (1953- ).
    • e
    • Określenie rodzaju współpracy
    • Autor
    • 9
    • KHW
    • 18611
700 -Hasło dodatkowe - nazwa osobowa [1, ]
    • a
    • Nazwa osobowa (NP)
    • Kamiński, Marcin Find
    • c
    • Dopowiedzenie inne niż daty biograficzne (NP)
    • (prawo).
    • e
    • Określenie rodzaju współpracy
    • Autor
    • 9
    • KHW
    • 26868
700 -Hasło dodatkowe - nazwa osobowa [1, ]
    • a
    • Nazwa osobowa (NP)
    • Masternak, Marian. Find
    • e
    • Określenie rodzaju współpracy
    • Autor
    • 9
    • KHW
    • 21285
700 -Hasło dodatkowe - nazwa osobowa [1, ]
    • a
    • Nazwa osobowa (NP)
    • Ostojski, Przemysław. Find
    • e
    • Określenie rodzaju współpracy
    • Autor
    • 9
    • KHW
    • 77045
700 -Hasło dodatkowe - nazwa osobowa [1, ]
    • a
    • Nazwa osobowa (NP)
    • Paduch, Andrzej. Find
    • e
    • Określenie rodzaju współpracy
    • Autor
    • 9
    • KHW
    • 622727
700 -Hasło dodatkowe - nazwa osobowa [1, ]
    • a
    • Nazwa osobowa (NP)
    • Skoczylas, Andrzej Find
    • c
    • Dopowiedzenie inne niż daty biograficzne (NP)
    • (prawo).
    • e
    • Określenie rodzaju współpracy
    • Autor
    • 9
    • KHW
    • 11789
700 -Hasło dodatkowe - nazwa osobowa [1, ]
    • a
    • Nazwa osobowa (NP)
    • Pietrasz, Piotr. Find
    • e
    • Określenie rodzaju współpracy
    • Autor
    • 9
    • KHW
    • 18707
700 -Hasło dodatkowe - nazwa osobowa [1, ]
    • a
    • Nazwa osobowa (NP)
    • Romańska, Marta. Find
    • e
    • Określenie rodzaju współpracy
    • Autor
    • 9
    • KHW
    • 50135
700 -Hasło dodatkowe - nazwa osobowa [1, ]
    • a
    • Nazwa osobowa (NP)
    • Staniszewska, Lucyna. Find
    • e
    • Określenie rodzaju współpracy
    • Autor
    • 9
    • KHW
    • 453686
700 -Hasło dodatkowe - nazwa osobowa [1, ]
    • a
    • Nazwa osobowa (NP)
    • Trociuk, Stanisław Find
    • d
    • Daty biograficzne (NP)
    • (1964- ).
    • e
    • Określenie rodzaju współpracy
    • Autor
    • 9
    • KHW
    • 89142
700 -Hasło dodatkowe - nazwa osobowa [1, ]
    • a
    • Nazwa osobowa (NP)
    • Wiącek, Marcin Find
    • d
    • Daty biograficzne (NP)
    • (1982- ).
    • e
    • Określenie rodzaju współpracy
    • Autor
    • 9
    • KHW
    • 27192
700 -Hasło dodatkowe - nazwa osobowa [1, ]
    • a
    • Nazwa osobowa (NP)
    • Wegner, Joanna Find
    • c
    • Dopowiedzenie inne niż daty biograficzne (NP)
    • (prawniczka).
    • e
    • Określenie rodzaju współpracy
    • Autor
    • 9
    • KHW
    • 54540
710 -Hasło dodatkowe - nazwa ciała zbiorowego [2, ]
    • a
    • Nazwa ciała zbiorowego lub nazwa geograficzna jako pierwszy element (NP)
    • Wolters Kluwer Polska.
    • e
    • Rodzaj współpracy
    • Wydawca
    • 4
    • Kod relacji
    • pbl
    • 9
    • KHW
    • 52677
920 -ISBN [ , ]
    • a
    • ISBN
    • 978-83-8390-059-9 (oprawa twarda) : zł 249 Find
Numer inwentarzowy Lokalizacja Status udost. Sygnatura Data inwentaryzacji
SA.26862BSA1SA.268622025-04-23